| 000 | 00461nam a2200181Ia 4500 | ||
|---|---|---|---|
| 001 | 2754 | ||
| 005 | 20260306144830.0 | ||
| 008 | 260306t2008||||xx |||||||||||||| ||spa|| | ||
| 041 | _aESP | ||
| 082 |
_a225.92 _bW19 |
||
| 100 |
_aWalker, Peter _eAUT |
||
| 245 | 0 |
_aTras los pasos de San Pablo: _bguía ilustrada de los viajes de San Pablo |
|
| 260 | _c2008 | ||
| 300 |
_a214 páginas : _c25 cm. |
||
| 650 | _aGEN | ||
| 654 | _aCHU | ||
| 942 |
_cLIB _dJUS _fJUS _2ddc _n |
||
| 999 |
_c2754 _d2754 |
||